00905cam a22002533a 450000100060000000300060000600500170001200800410002904000150007004200070008505000070009210000310009924501210013026000290025150600300028051600200031065300450033065300450037565300420042065300760046265300420053883000290058085600420060932621PGUSA20140828083715.0100531s2010||||xxu|||||s|||||000 | eng d aPGUSAbeng adc 4aDC1 aVandal, Albert,d1853-191010aNapoléon et Alexandre Ier (3/3) :bL'alliance russe sous le premier Empireh[electronic resource] /cAlbert Vandal bProject Gutenberg,c2010 aPublic domain in the USA. aElectronic text aFrance -- Foreign relations -- 1792-1815 aRussia -- Foreign relations -- 1801-1825 aFrance -- Foreign relations -- Russia aNapoleon I, Emperor of the French, 1769-1821 -- Relations with Russians aRussia -- Foreign relations -- France 0aProject Gutenbergv3262140uhttp://www.gutenberg.org/ebooks/32621